Model form of rent review (final form) (Record no. 88601)

MARC details
000 -LEADER
fixed length control field 00718cam a2200205 4500
001 - CONTROL NUMBER
control field D15711
008 - FIXED-LENGTH DATA ELEMENTS--GENERAL INFORMATION
fixed length control field 090401t1980 xxu||||| |||| 00| 0 eng d
035 ## - SYSTEM CONTROL NUMBER
System control number (Sirsi) u24737
041 ## - LANGUAGE CODE
Language code of text/sound track or separate title eng
050 ## - LIBRARY OF CONGRESS CALL NUMBER
Classification number 346.4104344
090 ## - LOCALLY ASSIGNED LC-TYPE CALL NUMBER (OCLC); LOCAL CALL NUMBER (RLIN)
Classification number (OCLC) (R) ; Classification number, CALL (RLIN) (NR) RICS 1980/118ABC
110 ## - MAIN ENTRY--CORPORATE NAME
Corporate name or jurisdiction name as entry element Royal Institution of Chartered Surveyors
9 (RLIN) 4900
245 ## - TITLE STATEMENT
Title Model form of rent review (final form)
260 ## - PUBLICATION, DISTRIBUTION, ETC.
Name of publisher, distributor, etc. RICS and the Law Society
Date of publication, distribution, etc. 1980
350 ## - PRICE (NR) (BK AM CF MU VM SE) [OBSOLETE]
Price 0
520 ## - SUMMARY, ETC.
Summary, etc. Note: this is a photocopy, not a publication as sold. For notes on Variations, and other precedents, see BERNSTEIN Handbook of rent review (F346.4104344) p.1801; RICS 1980/118 ABC
710 ## - ADDED ENTRY--CORPORATE NAME
Corporate name or jurisdiction name as entry element Law Society of England and Wales
9 (RLIN) 1639
942 ## - ADDED ENTRY ELEMENTS (KOHA)
Suppress in OPAC 0
948 ## - LOCAL PROCESSING INFORMATION (OCLC); SERIES PART DESIGNATOR (RLIN)
c (OCLC) 04/03/1997
Holdings
Withdrawn status Lost status Source of classification or shelving scheme Damaged status Not for loan Home library Current library Shelving location Date acquired Total Checkouts Full call number Barcode Date last seen Date last checked out Copy number Price effective from Koha item type
    Dewey Decimal Classification     London London RICS Boxes 12/08/1991 3 RICS 1980/118 30005421 06/08/2019 21/01/2010 1 06/08/2019 Book
    Dewey Decimal Classification     London London RICS Boxes 14/09/1999   RICS 1980/118 30005427 06/08/2019   2 06/08/2019 Reference material
    Dewey Decimal Classification     London London RICS Boxes 28/10/1991   RICS 1980/118 30025432 06/08/2019   3 06/08/2019 Reference material